Modern technology of food processing and agro based industries / (Record no. 135483)

MARC details
000 -LEADER
fixed length control field 00768nam a22002177a 4500
005 - DATE AND TIME OF LATEST TRANSACTION
control field 20170124110245.0
010 ## - LIBRARY OF CONGRESS CONTROL NUMBER
LC control number A-947141
020 ## - INTERNATIONAL STANDARD BOOK NUMBER
Terms of availability 800.00
International Standard Book Number 8186623345
035 ## - SYSTEM CONTROL NUMBER
System control number A-947141
037 ## - SOURCE OF ACQUISITION
Source of stock number/acquisition Cen Lib/Ret
040 ## - CATALOGING SOURCE
Original cataloging agency DPL
Language of cataloging EN
082 ## - DEWEY DECIMAL CLASSIFICATION NUMBER
Classification number 664
Item number MOD
110 ## - MAIN ENTRY--CORPORATE NAME
Corporate name or jurisdiction name as entry element Delhi.National Institute of Industrial Research
9 (RLIN) 140193
245 ## - TITLE STATEMENT
Title Modern technology of food processing and agro based industries /
260 ## - PUBLICATION, DISTRIBUTION, ETC. (IMPRINT)
Place of publication, distribution, etc Delhi
Name of publisher, distributor, etc National Institute of Industrial Research
270 ## - ADDRESS
City Delhi
Address 106-E, Kamla Nagar
Postal code 110007
300 ## - PHYSICAL DESCRIPTION
Extent 895p.
Dimensions 20cm(Hb)
650 ## - SUBJECT ADDED ENTRY--TOPICAL TERM
Topical term or geographic name as entry element Food industry and trade -- Technological innovations -- India.
9 (RLIN) 97358
650 ## - SUBJECT ADDED ENTRY--TOPICAL TERM
Topical term or geographic name as entry element Food industry and trade -- Technological innovations.
9 (RLIN) 97359
942 ## - ADDED ENTRY ELEMENTS (KOHA)
Source of classification or shelving scheme Dewey Decimal Classification
Koha item type English Books
Classification part 664
Call number suffix MOD
Holdings
Withdrawn status Lost status Damaged status Not for loan Home library Current library Date acquired Source of acquisition Cost, normal purchase price Total Checkouts Full call number Barcode Date last seen Copy number Cost, replacement price Price effective from Koha item type
        Central Library Central Library 06/10/2015 Cen Lib/Ret 800.00   664 MOD A-947141 06/10/2015 1 800.00 06/10/2015 English Books
        Central Library Central Library 18/03/2016 Cen Lib/Ret 800.00   664 MOD A-947142 18/03/2016 1 800.00 18/03/2016 English Books

© Delhi Public Library
Hit Counter
free hit counter